Statystyki dla Oficjalne języki Europy

Kliknij tutaj aby rozwiązać quiz!

Ogólne statystyki

  • Ten quiz został rozwiązany 137 razy
  • Średni wynik to 28 z 38

Statystyki odpowiedzi

#Język% Poprawnych
2rosyjski
99%
3angielski
98%
1ukraiński
98%
1polski
97%
5francuski
96%
6niemiecki
96%
1hiszpański
94%
4włoski
93%
1czeski
91%
1grecki
90%
1norweski
90%
1portugalski
90%
1słowacki
88%
2chorwacki
87%
1litewski
86%
2rumuński
85%
2szwedzki
85%
1estoński
84%
1białoruski
81%
1duński
81%
3serbski
81%
1łotewski
76%
1słoweński
76%
1węgierski
76%
1bułgarski
75%
1fiński
75%
3albański
72%
1irlandzki
70%
1islandzki
67%
1macedoński
61%
2niderlandzki
54%
1bośniacki
52%
1czarnogórski
40%
1kataloński
40%
1maltański
37%
1luksemburski
23%
1łacina
19%
1romansz
8%

Rozkład punktacji

Percentyl według liczby udzielonych odpowiedzi

Procent ludzi z każdym wynikiem

Twoja historia wyników

Nie rozwiązałeś tego quizu